| 000 | 00860 a2200229 4500 | ||
|---|---|---|---|
| 008 | 111128t xxu||||| |||| 00| 0 eng d | ||
| 010 | _aENG-89448 | ||
| 020 |
_a8120333574 _c250.00 |
||
| 035 | _aEN-72981 | ||
| 037 | _bDBAD / PUB | ||
| 082 | 1 | 4 | _a621.042 |
| 100 | 1 |
_aKothari, D.P. _936208 |
|
| 245 | 1 |
_aRenewable energy sources and emerging technologies/ _cby D.P. Kothari, K.C. Singal and Rakesh Ranjan |
|
| 260 |
_aNew Delhi _bPrentice-Hall of India _c2008 |
||
| 270 |
_aM-97, Connaught Circus, _bNew Delhi _cDelhi _e110001 |
||
| 300 |
_axviii, 350p. _c21 cm. (Pbk) _bill. |
||
| 500 | _aIncludes bibliographical reference and index | ||
| 700 |
_aSingal, K.C. _936209 |
||
| 700 |
_aRanjan, Rakesh _936210 |
||
| 942 |
_adpl _cEN _k621.042/ KOT _2ddc |
||
| 999 |
_c10649 _d10649 |
||